[Event "Prague Summer op-B 8th"]
[Site "Prague"]
[Date "2021.08.11"]
[Round "7"]
[White "Jaeger, Andre"]
[Black "Grabarczyk, Sylwester Piotr"]
[Result "1/2-1/2"]
[WhiteElo "1883"]
[BlackElo "1630"]
[PlyCount "91"]
[EventDate "2021.08.06"]
[EventType "swiss"]
[EventRounds "9"]
[EventCountry "CZE"]
[SourceTitle "EXT 2022"]
[Source "ChessBase"]
[SourceDate "2021.10.06"]
[SourceVersion "1"]
[SourceVersionDate "2021.10.06"]
[SourceQuality "1"]

1. d4 Nc6 2. d5 Ne5 3. e4 e6 4. f4 Ng6 5. dxe6 fxe6 6. Be3 Nf6 7. Nd2 Be7 8. c4 Bb4 9. Bd3 e5 10. g3 exf4 11. gxf4 Bxd2+ 12. Bxd2 d6 13. Qc2 Ng4 14. Ne2 Nh4 15. 0-0-0 Nf2 16. e5 Nxd1 17. Rxd1 Qe7 18. exd6 cxd6 19. Nd4 0-0 20. Bxh7+ Kh8 21. Re1 Qf6 22. Nb5 Nf3 23. Re2 Nxd2 24. Rxd2 Qxf4 25. Nxd6 Bg4 26. Qd3 Rad8 27. c5 b6 28. Bg6 Qf1+ 29. Kc2 Qxd3+ 30. Rxd3 Rd7 31. c6 Rc7 32. Be8 Rf2+ 33. Rd2 Rf6 34. b4 a6 35. a4 Rf4 36. Kc3 Kg8 37. Rd4 Rf3+ 38. Rd3 Rf1 39. b5 Ra1 40. Rd4 Bf3 41. Rf4 Bd5 42. h4 Ra3+ 43. Kb2 Ra2+ 44. Kc3 Ra3+ 45. Kb2 Ra2+ 46. Kc3 1/2-1/2

[Event "Prague op-B 18th"]
[Site "Prague"]
[Date "2019.01.16"]
[Round "7"]
[White "Feierfeil, Jiri"]
[Black "Grabarczyk, Sylwester Piotr"]
[Result "0-1"]
[WhiteElo "1700"]
[BlackElo "1834"]
[PlyCount "58"]
[EventDate "2019.01.11"]
[EventType "swiss"]
[EventRounds "9"]
[EventCountry "CZE"]
[SourceTitle "CBM 188 Extra"]
[Source "ChessBase"]
[SourceDate "2019.02.28"]
[SourceVersion "1"]
[SourceVersionDate "2019.02.28"]
[SourceQuality "1"]

1. d4 Nf6 2. Nf3 d6 3. c4 Bg4 4. e3 g6 5. b3 c5 6. d5 Bg7 7. Bb2 0-0 8. Be2 e5 9. dxe6 fxe6 10. 0-0 Nc6 11. h3 Bf5 12. Nh4 Be4 13. Nd2 Ne5 14. Bxe5 dxe5 15. Nxe4 Nxe4 16. Nf3 Nc3 17. Qc2 e4 18. Rad1 Nxe2+ 19. Qxe2 exf3 20. Qc2 Qg5 21. g3 Rad8 22. Qe4 Qf5 23. Qxb7 Qxh3 24. Qxf3 Rxf3 25. Rxd8+ Rf8 26. Rd7 Be5 27. f4 Qxg3+ 28. Kh1 Bf6 29. Rd3 Bh4 0-1

[Event "Prague op-B 18th"]
[Site "Prague"]
[Date "2019.01.11"]
[Round "1"]
[White "Ahn, Juyong"]
[Black "Grabarczyk, Sylwester Piotr"]
[Result "1-0"]
[WhiteElo "1439"]
[BlackElo "1834"]
[PlyCount "44"]
[EventDate "2019.01.11"]
[EventType "swiss"]
[EventRounds "9"]
[EventCountry "CZE"]
[SourceTitle "CBM 188 Extra"]
[Source "ChessBase"]
[SourceDate "2019.02.28"]
[SourceVersion "1"]
[SourceVersionDate "2019.02.28"]
[SourceQuality "1"]

1. e4 e5 2. f4 d5 3. exd5 e4 4. Nc3 Nf6 5. Bc4 Bc5 6. Nge2 Qe7 7. d4 exd3 8. Qxd3 Ng4 9. Ne4 0-0 10. h3 Bf5 11. hxg4 Bxe4 12. Qh3 Bxc2 13. f5 Bb4+ 14. Kf1 h6 15. Bxh6 Bd3 16. Bxd3 f6 17. d6 Qf7 18. Bf4 Qd5 19. Qh7+ Kf7 20. Qg6+ Kg8 21. Bh6 Rf7 22. Bxg7 Re7 1-0

[Event "Litomysl op 20th"]
[Site "Litomysl"]
[Date "2018.12.27"]
[Round "3"]
[White "Svec, Ludek"]
[Black "Grabarczyk, Sylwester Piotr"]
[Result "1-0"]
[WhiteElo "1554"]
[BlackElo "1834"]
[PlyCount "69"]
[EventDate "2018.12.26"]
[EventType "swiss"]
[EventRounds "9"]
[EventCountry "CZE"]
[SourceTitle "CBM 188 Extra"]
[Source "ChessBase"]
[SourceDate "2019.02.28"]
[SourceVersion "1"]
[SourceVersionDate "2019.02.28"]
[SourceQuality "1"]

1. d4 Nf6 2. Nf3 b6 3. g3 Bb7 4. Bg2 h6 5. c4 e6 6. Nc3 g5 7. 0-0 d5 8. Ne5 Nbd7 9. Qa4 a6 10. Nc6 Qc8 11. cxd5 exd5 12. Nxd5 b5 13. Qc2 Nxd5 14. Bxd5 Nf6 15. Bg2 Bd6 16. e4 Nd7 17. e5 Be7 18. e6 Nf6 19. exf7+ Kxf7 20. Re1 Bd6 21. Bd2 Bxc6 22. Bxc6 Rb8 23. Qb3+ Kg7 24. Re6 Rf8 25. Rae1 Rb6 26. d5 b4 27. Be3 Rb8 28. Bd4 Qd8 29. Qe3 b3 30. axb3 Bb4 31. Re2 Rb6 32. Bxb6 cxb6 33. Qd3 Bc5 34. d6 Rf7 35. d7 1-0

[Event "Brno op 8th"]
[Site "Brno"]
[Date "2018.11.15"]
[Round "7"]
[White "Jires, Jiri"]
[Black "Grabarczyk, Sylwester Piotr"]
[Result "1-0"]
[WhiteElo "2059"]
[BlackElo "1810"]
[PlyCount "73"]
[EventDate "2018.11.10"]
[EventType "swiss"]
[EventRounds "9"]
[EventCountry "CZE"]
[SourceTitle "CBM 187 Extra"]
[Source "ChessBase"]
[SourceDate "2018.11.04"]
[SourceVersion "1"]
[SourceVersionDate "2018.11.04"]
[SourceQuality "1"]

1. e4 d5 2. exd5 Nf6 3. Bb5+ Bd7 4. Bc4 Bg4 5. Nf3 Nxd5 6. c3 c6 7. d4 e6 8. 0-0 Be7 9. Nbd2 Nd7 10. Re1 0-0 11. Ne4 N7f6 12. Ng3 c5 13. h3 Nb6 14. hxg4 Nxc4 15. g5 Ng4 16. Re4 f5 17. gxf6 Nxf6 18. Rxe6 cxd4 19. Nf5 Bc5 20. N5xd4 Nd5 21. Qd3 Bxd4 22. Qxd4 Ncb6 23. Bg5 Qd7 24. Rae1 Rae8 25. Rxe8 Rxe8 26. Rxe8+ Qxe8 27. c4 Nc7 28. Bd2 h6 29. Bc3 Ne6 30. Qe4 Qd7 31. b3 Nc5 32. Qe5 Ne6 33. Nh4 Ng5 34. Nf5 Qd1+ 35. Kh2 Qh5+ 36. Kg3 Qf7 37. Nxh6+ 1-0

[Event "Trebic Highlands op 12th"]
[Site "Trebic"]
[Date "2018.09.26"]
[Round "5"]
[White "Spanton, Timothy"]
[Black "Grabarczyk, Sylwester Piotr"]
[Result "0-1"]
[WhiteElo "1923"]
[BlackElo "1782"]
[PlyCount "96"]
[EventDate "2018.09.22"]
[EventType "swiss"]
[EventRounds "9"]
[EventCountry "CZE"]
[SourceTitle "CBM 186 Extra"]
[Source "ChessBase"]
[SourceDate "2018.08.24"]
[SourceVersion "1"]
[SourceVersionDate "2018.08.24"]
[SourceQuality "1"]

1. e4 e5 2. Nf3 Nf6 3. Nxe5 d6 4. Nf3 Nxe4 5. Qe2 Qe7 6. d3 Nc5 7. Nc3 Bg4 8. Nd5 Qxe2+ 9. Bxe2 Nba6 10. Bd2 0-0-0 11. 0-0 c6 12. Ne3 Bh5 13. Rfe1 Nc7 14. b4 N5e6 15. Nf5 h6 16. Be3 Kb8 17. a4 Nd5 18. b5 Nxe3 19. Nxe3 cxb5 20. axb5 Nf4 21. Nd4 Nxe2+ 22. Nxe2 g5 23. Nf5 d5 24. d4 Bg6 25. Neg3 h5 26. Ne3 Bb4 27. Reb1 Bd2 28. Ngf5 Rhe8 29. Ra4 Rd7 30. Kf1 Bxe3 31. Nxe3 Rxe3 32. fxe3 Bxc2 33. Rab4 Bxb1 34. Rxb1 Kc7 35. Ke2 Kb6 36. Kf3 Rc7 37. Rb2 Rc3 38. h3 Ra3 39. g4 h4 40. Rb1 Ra5 41. Rc1 Rxb5 42. Rc8 a5 43. Rf8 Rb1 44. Kg2 a4 45. Rxf7 a3 46. Rf6+ Kb5 47. Rf5 a2 48. Rxd5+ Kb4 0-1

[Event "Trebic Highlands op 12th"]
[Site "Trebic"]
[Date "2018.09.24"]
[Round "3"]
[White "Zeleny, Ondrej"]
[Black "Grabarczyk, Sylwester Piotr"]
[Result "0-1"]
[WhiteElo "1358"]
[BlackElo "1782"]
[PlyCount "68"]
[EventDate "2018.09.22"]
[EventType "swiss"]
[EventRounds "9"]
[EventCountry "CZE"]
[SourceTitle "CBM 186 Extra"]
[Source "ChessBase"]
[SourceDate "2018.08.24"]
[SourceVersion "1"]
[SourceVersionDate "2018.08.24"]
[SourceQuality "1"]

1. Nf3 f5 2. d4 Nf6 3. c4 e6 4. Nc3 Bb4 5. Bd2 0-0 6. a3 Bxc3 7. Bxc3 Ne4 8. Qc2 d5 9. e3 Nd7 10. c5 c6 11. Bd3 Ndf6 12. 0-0 Qe8 13. Ne5 Qh5 14. Be2 Qh6 15. Qd3 a5 16. f3 Nxc3 17. Qxc3 Nd7 18. Nxd7 Bxd7 19. b4 a4 20. Rab1 f4 21. e4 Rf6 22. e5 Rf5 23. Bd3 Rh5 24. h3 Qg5 25. Kh1 Be8 26. Rg1 Qg3 27. Qd2 Bg6 28. Bxg6 hxg6 29. Rbf1 Kf7 30. Qf2 Qg5 31. Qc2 Rah8 32. Kh2 Qg3+ 33. Kh1 Rxh3+ 34. gxh3 Rxh3+ 0-1

[Event "Prague Summer op-B 5th"]
[Site "Prague"]
[Date "2018.08.08"]
[Round "7"]
[White "Benes, Petr1"]
[Black "Grabarczyk, Sylwester Piotr"]
[Result "1-0"]
[WhiteElo "2094"]
[BlackElo "1751"]
[PlyCount "99"]
[EventDate "2018.08.03"]
[EventType "swiss"]
[EventRounds "9"]
[EventCountry "CZE"]
[SourceTitle "CBM 186 Extra"]
[Source "ChessBase"]
[SourceDate "2018.08.24"]
[SourceVersion "1"]
[SourceVersionDate "2018.08.24"]
[SourceQuality "1"]

1. Nf3 f5 2. b3 Nf6 3. g3 e6 4. Bg2 Nc6 5. Bb2 Be7 6. 0-0 0-0 7. a3 Qe8 8. b4 Qh5 9. e3 d6 10. d4 g5 11. Nbd2 Ng4 12. h3 Nf6 13. Ne1 Qg6 14. Nd3 h5 15. Qe2 Ne4 16. Kh2 Bf6 17. Rg1 Ne7 18. Nc4 Nd5 19. Qe1 Bg7 20. f3 Nef6 21. e4 Ne7 22. Nd2 Nd7 23. Qe3 Bh6 24. Qe2 Nf6 25. c4 g4 26. e5 Ne8 27. Raf1 h4 28. f4 hxg3+ 29. Kxg3 Ng7 30. Kf2 Nh5 31. Qe3 g3+ 32. Ke2 d5 33. c5 b6 34. b5 c6 35. a4 Bb7 36. Bf3 Kh7 37. Bxh5 Qxh5+ 38. Qf3 Qxh3 39. Rxg3 Qh2+ 40. Kd1 Rg8 41. Rh3 Qg2 42. Rfh1 Qxf3+ 43. Nxf3 Rg6 44. Ng5+ Kg7 45. Rh5 a6 46. cxb6 Bxg5 47. fxg5 cxb5 48. Rh7+ Kf8 49. Ba3 Re8 50. Nf4 1-0

[Event "POL-chT3 Kujawsko Pomorskie 1617"]
[Site "Poland"]
[Date "2017.??.??"]
[Round "4.21"]
[White "Grabarczyk, Sylwester Piotr"]
[Black "Zolnierowicz, Krzysztof"]
[Result "0-1"]
[WhiteElo "1799"]
[BlackElo "2030"]
[PlyCount "50"]
[EventDate "2016.11.06"]
[EventType "team-tourn"]
[EventRounds "9"]
[EventCountry "POL"]
[SourceTitle "EXT 2018"]
[Source "ChessBase"]
[SourceDate "2017.10.13"]
[SourceVersion "1"]
[SourceVersionDate "2017.10.13"]
[SourceQuality "1"]

1. e4 d5 2. Nc3 e6 3. d3 Nf6 4. e5 Nfd7 5. Nf3 a6 6. g4 c5 7. Qe2 Nc6 8. Bg2 Qc7 9. Bf4 Nd4 10. Nxd4 cxd4 11. Nd1 f6 12. 0-0 fxe5 13. Bg3 Bd6 14. c3 dxc3 15. Nxc3 0-0 16. Rac1 Qb8 17. g5 Rf7 18. Qh5 Nf8 19. Bh3 Bd7 20. Ne2 Ng6 21. Bg4 Qd8 22. Nd4 Qe7 23. Ne2 Raf8 24. h3 Bb5 25. Rfd1 e4 0-1

[Event "EU Amateur-ch"]
[Site "Ruzomberok"]
[Date "2016.06.09"]
[Round "5"]
[White "Grabarczyk, Sylwester Piotr"]
[Black "Zahradnik, Vladimir"]
[Result "1-0"]
[WhiteElo "1757"]
[BlackElo "1920"]
[PlyCount "77"]
[EventDate "2016.06.06"]
[EventType "swiss"]
[EventRounds "9"]
[EventCountry "SVK"]
[SourceTitle "CBM 172 Extra"]
[Source "ChessBase"]
[SourceDate "2016.06.21"]
[SourceVersion "1"]
[SourceVersionDate "2016.06.21"]
[SourceQuality "1"]

1. e4 c5 2. Nf3 g6 3. d4 cxd4 4. Qxd4 Nf6 5. Bb5 a6 6. e5 axb5 7. exf6 e6 8. 0-0 Nc6 9. Qh4 Ra4 10. Qg3 d5 11. Nc3 Bd6 12. Qg5 h6 13. Qd2 Bb4 14. Qe2 Bxc3 15. bxc3 Rc4 16. Nd2 Ra4 17. Qxb5 Ra5 18. Qe2 Qxf6 19. a4 g5 20. Nb3 Ra8 21. f4 Qg7 22. Ba3 f5 23. Nc5 Kf7 24. Rae1 Re8 25. fxg5 e5 26. gxh6 Qxh6 27. Nxb7 Rh8 28. Nd6+ Ke6 29. h3 f4 30. Qg4+ Kf6 31. Nxc8 Rhxc8 32. Qd7 Qg5 33. Qxd5 Kg7 34. Qd7+ Kg6 35. Qe6+ Kh7 36. Rd1 Rg8 37. Qxc6 Rxa4 38. Rd7+ Kh8 39. Be7 1-0

[Event "Krakow Europejski op"]
[Site "Krakow"]
[Date "2016.05.01"]
[Round "1"]
[White "Grabarczyk, Sylwester Piotr"]
[Black "Gbyl, Andrzej"]
[Result "0-1"]
[WhiteElo "1787"]
[BlackElo "2252"]
[PlyCount "50"]
[EventDate "2016.05.01"]
[EventType "swiss"]
[EventRounds "9"]
[EventCountry "POL"]
[SourceTitle "EXT 2018"]
[Source "ChessBase"]
[SourceDate "2017.10.13"]
[SourceVersion "1"]
[SourceVersionDate "2017.10.13"]
[SourceQuality "1"]

1. e4 d5 2. exd5 Nf6 3. d4 Nxd5 4. c4 Nb6 5. Nf3 g6 6. Nc3 Bg7 7. Bf4 0-0 8. c5 Nd5 9. Nxd5 Qxd5 10. Bxc7 Nc6 11. Rc1 Nxd4 12. Nxd4 Bxd4 13. Bg3 Be6 14. b3 Rfd8 15. Qf3 Bxc5 16. Qxd5 Bb4+ 17. Ke2 Rxd5 18. Kf3 Rf5+ 19. Ke4 Ra5 20. Bc4 Bf5+ 21. Kf3 Rxa2 22. Bd5 Rd8 23. Rhd1 Bd2 24. Rc5 b6 25. Rb5 a6 0-1

[Event "POL-chT3 Kujawsko Pomorskie 1516"]
[Site "Poland"]
[Date "2016.04.03"]
[Round "9"]
[White "Grabarczyk, Sylwester Piotr"]
[Black "Zebracki, Tomasz"]
[Result "0-1"]
[WhiteElo "1688"]
[BlackElo "2131"]
[PlyCount "35"]
[EventDate "2015.11.08"]
[EventType "team-tourn"]
[EventRounds "9"]
[EventCountry "POL"]
[SourceTitle "EXT 2019"]
[Source "ChessBase"]
[SourceDate "2018.10.10"]
[SourceVersion "1"]
[SourceVersionDate "2018.10.10"]
[SourceQuality "1"]

1. e4 e6 2. d4 d5 3. Nc3 Nf6 4. exd5 Nxd5 5. Ne4 Nd7 6. Nf3 Be7 7. c4 N5f6 8. Ng3 c5 9. d5 exd5 10. Nf5 0-0 11. cxd5 Nb6 12. Bd3 c4 13. Bc2 Bb4+ 14. Kf1 Qxd5 15. Qxd5 Nbxd5 16. a3 Bc5 17. h4 Re8 18. h5 0-1

[Event "POL-chT3 Kujawsko Pomorskie 1617"]
[Site "Poland"]
[Date "2016.??.??"]
[Round "3.1"]
[White "Grabarczyk, Sylwester Piotr"]
[Black "Baumann, Dariusz"]
[Result "1/2-1/2"]
[WhiteElo "1791"]
[BlackElo "2062"]
[PlyCount "101"]
[EventDate "2016.11.06"]
[EventType "team-tourn"]
[EventRounds "9"]
[EventCountry "POL"]
[SourceTitle "EXT 2018"]
[Source "ChessBase"]
[SourceDate "2017.10.13"]
[SourceVersion "1"]
[SourceVersionDate "2017.10.13"]
[SourceQuality "1"]

1. e4 c5 2. Nc3 Nc6 3. g3 g6 4. Bg2 Bg7 5. d3 e6 6. Nh3 Nge7 7. 0-0 0-0 8. Bg5 h6 9. Be3 d6 10. Qd2 Kh7 11. f4 Nd4 12. Rae1 Qa5 13. g4 f5 14. Nf2 Rb8 15. exf5 gxf5 16. Qd1 b5 17. a3 Bd7 18. g5 b4 19. axb4 Qxb4 20. Bc1 Rh8 21. Re3 hxg5 22. Rh3+ Kg8 23. fxg5 Rxh3 24. Nxh3 Ng6 25. Nf4 Nxf4 26. Rxf4 Be8 27. Nd5 exd5 28. Bxd5+ Bf7 29. c3 Qb6 30. Bxf7+ Kxf7 31. Qh5+ Kg8 32. cxd4 Bxd4+ 33. Rxd4 cxd4 34. Qg6+ Kf8 35. Qxf5+ Ke8 36. g6 Qc5 37. Qf7+ Kd8 38. Bf4 Rxb2 39. g7 Rb1+ 40. Kg2 Qc2+ 41. Kh3 Qxd3+ 42. Kh4 Qh7+ 43. Kg4 Rg1+ 44. Bg3 Qe4+ 45. Kh3 Qg2+ 46. Kg4 Qe4+ 47. Kh3 Qh7+ 48. Kg4 Qe4+ 49. Kh3 Qh7+ 50. Kg4 Qe4+ 51. Kh3 1/2-1/2

[Event "POL-chT3 Kujawsko Pomorskie 1516"]
[Site "Poland"]
[Date "2015.12.13"]
[Round "3"]
[White "Szybowicz, Piotr"]
[Black "Grabarczyk, Sylwester Piotr"]
[Result "1-0"]
[WhiteElo "1903"]
[BlackElo "1688"]
[PlyCount "87"]
[EventDate "2015.11.08"]
[EventType "team-tourn"]
[EventRounds "9"]
[EventCountry "POL"]
[SourceTitle "EXT 2019"]
[Source "ChessBase"]
[SourceDate "2018.10.10"]
[SourceVersion "1"]
[SourceVersionDate "2018.10.10"]
[SourceQuality "1"]

1. e4 d6 2. d4 g6 3. c4 Nf6 4. Nc3 Bg7 5. Bg5 Nc6 6. f4 Ng4 7. Nf3 h6 8. Bh4 Ne3 9. Qd2 Nxf1 10. Rxf1 Bg4 11. Ne2 a5 12. h3 Bd7 13. g4 a4 14. e5 Na5 15. Qd3 0-0 16. f5 g5 17. Bg3 Be8 18. h4 gxh4 19. Bf4 dxe5 20. Nxe5 Qd6 21. 0-0-0 Qb4 22. Bd2 Qb6 23. Nf4 Nb3+ 24. axb3 axb3 25. Bc3 Bxe5 26. dxe5 Bc6 27. Nd5 Bxd5 28. cxd5 Rfd8 29. Kd2 c6 30. d6 exd6 31. exd6 Qc5 32. d7 Qe7 33. f6 Qxd7 34. Qxd7 Rxd7+ 35. Ke3 Rxd1 36. Rxd1 Ra4 37. Kf3 c5 38. Rd8+ Kh7 39. Rf8 h3 40. Rxf7+ Kg8 41. Rxb7 Rxg4 42. Be5 Rg5 43. Rg7+ Rxg7 44. fxg7 1-0

[Event "EU Amateur-ch"]
[Site "Kaunas"]
[Date "2015.08.14"]
[Round "7"]
[White "Petraitis, Gintautas"]
[Black "Grabarczyk, Sylwester Piotr"]
[Result "1/2-1/2"]
[WhiteElo "1902"]
[BlackElo "1725"]
[PlyCount "139"]
[EventDate "2015.08.09"]
[EventType "swiss"]
[EventRounds "9"]
[EventCountry "LTU"]
[SourceTitle "CBM 167 Extra"]
[Source "ChessBase"]
[SourceDate "2015.09.14"]
[SourceVersion "1"]
[SourceVersionDate "2015.09.14"]
[SourceQuality "1"]

1. e4 g6 2. d4 Bg7 3. c4 d6 4. Nc3 Nf6 5. Nf3 0-0 6. Be2 Nc6 7. d5 Nb8 8. Be3 Ng4 9. Bd4 Ne5 10. Nxe5 dxe5 11. Be3 e6 12. Bc5 Re8 13. d6 Na6 14. Ba3 cxd6 15. Qxd6 Qg5 16. g3 Rd8 17. h4 Qf6 18. Qe7 Bd7 19. Qxf6 Bxf6 20. 0-0-0 Rac8 21. Kb1 Nc5 22. f3 a6 23. Rd2 Na4 24. Kc2 Nxc3 25. Kxc3 a5 26. Rhd1 Be8 27. Rxd8 Bxd8 28. Bd6 f6 29. a3 Bb6 30. g4 Bd4+ 31. Rxd4 exd4+ 32. Kxd4 e5+ 33. Kc3 b6 34. b4 axb4+ 35. axb4 b5 36. Bc5 bxc4 37. Bxc4+ Bf7 38. Bd5 Bxd5 39. exd5 Kf7 40. Kc4 Ke8 41. b5 Kd7 42. b6 f5 43. gxf5 gxf5 44. Kb5 Rb8 45. h5 Rb7 46. Ka6 Kc8 47. Kb5 Kd7 48. h6 Rb8 49. Bb4 e4 50. fxe4 fxe4 51. Bc5 Re8 52. Be3 Rb8 53. Kc5 Re8 54. Kd4 Kc8 55. Kc5 Kb7 56. d6 Re5+ 57. Kd4 Re8 58. Kd5 Rd8 59. Bc5 Rd7 60. Kxe4 Kc6 61. Kd4 Rb7 62. Kc4 Rf7 63. Bd4 Kxd6 64. Kb5 Rb7 65. Bf2 Kd7 66. Bg3 Kc8 67. Kc6 Rf7 68. Be5 Rd7 69. Bc7 Rxc7+ 70. bxc7 1/2-1/2

[Event "EU Amateur-ch"]
[Site "Kaunas"]
[Date "2015.08.12"]
[Round "5"]
[White "Kraujunas, Vladas"]
[Black "Grabarczyk, Sylwester Piotr"]
[Result "0-1"]
[WhiteElo "1869"]
[BlackElo "1725"]
[PlyCount "28"]
[EventDate "2015.08.09"]
[EventType "swiss"]
[EventRounds "9"]
[EventCountry "LTU"]
[SourceTitle "CBM 167 Extra"]
[Source "ChessBase"]
[SourceDate "2015.09.14"]
[SourceVersion "1"]
[SourceVersionDate "2015.09.14"]
[SourceQuality "1"]

1. e4 c5 2. Nf3 g6 3. d4 cxd4 4. Qxd4 Nf6 5. e5 Nc6 6. Qd3 Ng4 7. Bf4 Bg7 8. Qb5 a6 9. Qc5 d6 10. Qc3 Qb6 11. Bg3 Ncxe5 12. Nbd2 0-0 13. h3 Nxf3+ 14. Qxf3 Nh6 0-1

[Event "Krakow op-B 23rd"]
[Site "Krakow"]
[Date "2012.12.30"]
[Round "5"]
[White "Cebula, Alicja"]
[Black "Grabarczyk, Sylwester Piotr"]
[Result "0-1"]
[WhiteElo "1590"]
[BlackElo "1722"]
[PlyCount "48"]
[EventDate "2012.12.27"]
[EventType "swiss"]
[EventRounds "9"]
[EventCountry "POL"]
[SourceTitle "CBM 152 Extra"]
[Source "ChessBase"]
[SourceDate "2013.02.25"]
[SourceVersion "1"]
[SourceVersionDate "2013.02.25"]
[SourceQuality "1"]

1. e4 d5 2. exd5 Nf6 3. c4 c6 4. dxc6 Nxc6 5. Nf3 Bf5 6. Nc3 e6 7. b3 Nb4 8. d3 Bxd3 9. Bxd3 Nxd3+ 10. Kf1 Bc5 11. Be3 Bxe3 12. fxe3 Ng4 13. Qd2 Ngf2 14. Rg1 0-0 15. Ke2 Qf6 16. Ne4 Nxe4 17. Qxd3 Qb2+ 18. Nd2 Nc3+ 19. Kf3 Rad8 20. Qf1 Rxd2 21. Qc1 Rf2+ 22. Kg4 Qe2+ 23. Kh3 Qh5+ 24. Kg3 Ne4# 0-1